[Event "Manizales-ch"]
[Site "Manizales"]
[Date "2016.09.09"]
[Round "5"]
[White "Zapata, Alvaro"]
[Black "Pacheco, Juan Diego"]
[Result "1-0"]
[WhiteElo "1623"]
[BlackElo "1741"]
[PlyCount "77"]
[EventDate "2016.09.05"]
[EventType "swiss"]
[EventRounds "9"]
[EventCountry "COL"]
[SourceTitle "CBM 174 Extra"]
[Source "ChessBase"]
[SourceDate "2016.10.10"]
[SourceVersion "1"]
[SourceVersionDate "2016.10.10"]
[SourceQuality "1"]

1. d4 Nf6 2. c4 g6 3. g3 Bg7 4. Bg2 0-0 5. Nc3 d6 6. Nf3 c6 7. 0-0 Nbd7 8. Bg5 h6 9. Bf4 Re8 10. Qc1 g5 11. Bd2 Nf8 12. Qc2 Qc7 13. e4 Bg4 14. Rfe1 Bh5 15. Rad1 Bg6 16. Qc1 Rad8 17. h4 g4 18. Nh2 h5 19. Nf1 a6 20. Ne3 e6 21. b4 N8d7 22. a4 c5 23. bxc5 dxc5 24. d5 Ne5 25. Nf1 Nd3 26. Bf4 Nxf4 27. Qxf4 Qxf4 28. gxf4 Nxd5 29. Nxd5 exd5 30. exd5 Rxe1 31. Rxe1 Bc2 32. Re7 b6 33. Rb7 Rd6 34. Ne3 Bxa4 35. Rb8+ Bf8 36. Nf5 Rf6 37. Be4 Bd7 38. Ng3 Rh6 39. Kf1 1-0

[Event "Villamaria op 2nd"]
[Site "Villamaria"]
[Date "2016.07.04"]
[Round "6"]
[White "Pacheco, Juan Diego"]
[Black "Becerra Fonseca, Camila Andrea"]
[Result "1-0"]
[WhiteElo "1557"]
[BlackElo "1324"]
[PlyCount "104"]
[EventDate "2016.07.02"]
[EventType "swiss"]
[EventRounds "7"]
[EventCountry "COL"]
[SourceTitle "CBM 173 Extra"]
[Source "ChessBase"]
[SourceDate "2016.08.29"]
[SourceVersion "1"]
[SourceVersionDate "2016.08.29"]
[SourceQuality "1"]

1. d4 d5 2. Nf3 e6 3. Bf4 c5 4. e3 a6 5. c3 Nc6 6. Bd3 b5 7. Nbd2 c4 8. Bc2 Nf6 9. Qe2 Be7 10. h3 0-0 11. Ne5 Bb7 12. h4 h5 13. Bg5 Nxe5 14. dxe5 Nd7 15. Bxe7 Qxe7 16. Qxh5 g6 17. Qg5 Qxg5 18. hxg5 Nxe5 19. Ke2 Nd7 20. f3 e5 21. Kf2 f6 22. gxf6 Nxf6 23. Bxg6 Ng4+ 24. Ke2 Nf6 25. Rh4 Bc8 26. Rah1 e4 27. Nf1 Kg7 28. Bh5 Bf5 29. Ng3 exf3+ 30. gxf3 Bd3+ 31. Kd2 Nxh5 32. Nxh5+ Kg8 33. Rg4+ Kf7 34. Nf4 Bf5 35. Rgh4 Rg8 36. R4h2 Rad8 37. Ke1 Rge8 38. Kf2 a5 39. Rh5 Bc2 40. Rxd5 Rb8 41. Rhh5 Bb1 42. a3 a4 43. Rxb5 Rbd8 44. Rb7+ Kf6 45. Rd5 Rc8 46. Rb6+ Kf7 47. Rd7+ Kg8 48. e4 Bxe4 49. fxe4 Rxe4 50. Rf6 Rxf4+ 51. Rxf4 Rf8 52. Rxf8+ Kxf8 1-0